000 00536nam a22001937a 4500
003 OSt
005 20140310181751.0
008 130627t xxu||||| |||| 00| 0 eng d
020 _a9789716552881
050 _aQA 139
_b.R278 2007
082 _aFIL 510
_bR21 2007
100 _aRazon, Lerida-M Eclevia
245 _aMath builders fourth year /
_cLerida-M Eclevia Razon.
260 _aValenzuela City :
_bJo-Es Publishing House,
_c2007.
300 _a488 p. ;
_bill. ;
_c26 cm. :
562 _e1
942 _2lcc
_cBK
999 _c3228
_d3228